000 00432nam a2200193Ia 4500
001 14340
003 GE_BSU
008 181216s||||||||xx |||||||||||||| ||und||
040 _cGE_BSU
080 _a82-93
100 _aLofting,Hugh
245 _aDoctor Dolittle's Post Office
260 _aNew York
260 _bPuffin books
260 _c1978
300 _a265p.18cm.
653 _aDoctor Dolittle's Post Office
942 _cBK
999 _c47476
_d47476